[Event "Catalunya-chT Gp1"]
[Site "Barcelona"]
[Date "2023.02.18"]
[Round "5.3"]
[White "Sama Salinas, Hector"]
[Black "Iermito, Sebastian"]
[Result "0-1"]
[WhiteElo "2350"]
[BlackElo "2525"]
[PlyCount "57"]
[EventDate "2023.01.21"]
[EventType "team-tourn"]
[EventRounds "7"]
[EventCountry "ESP"]
[SourceTitle "CBM 213 Extra"]
[Source "ChessBase"]
[SourceDate "2023.05.31"]
[SourceVersion "1"]
[SourceVersionDate "2023.05.31"]
[SourceQuality "1"]
[WhiteTeam "Sant Cugat"]
[BlackTeam "Valls"]
[WhiteTeamCountry "ESP"]
[BlackTeamCountry "ESP"]

1. e4 c5 2. Nf3 Nc6 3. g3 g6 4. Bg2 Bg7 5. 0-0 d6 6. Nc3 e6 7. d3 Nge7 8. Bg5 0-0 9. Qd2 Rb8 10. a3 b5 11. b4 a5 12. bxc5 dxc5 13. Rab1 b4 14. Na4 Qd6 15. Be3 Rb5 16. Nb2 bxa3 17. Nc4 Rxb1 18. Rxb1 a2 19. Re1 Qb8 20. e5 Ba6 21. Nxa5 Qb1 22. Nb3 c4 23. dxc4 Bxc4 24. Qc3 Bxb3 25. cxb3 Ra8 26. Qa1 Qxe1+ 27. Nxe1 Bxe5 28. Nc2 Bxa1 29. Nxa1 0-1

[Event "Catalunya-chT Gp1"]
[Site "Barcelona"]
[Date "2023.01.28"]
[Round "2.4"]
[White "Campins Machado, Francesc"]
[Black "Iermito, Sebastian"]
[Result "0-1"]
[WhiteElo "2164"]
[BlackElo "2525"]
[PlyCount "78"]
[EventDate "2023.01.21"]
[EventType "team-tourn"]
[EventRounds "7"]
[EventCountry "ESP"]
[SourceTitle "CBM 213 Extra"]
[Source "ChessBase"]
[SourceDate "2023.05.31"]
[SourceVersion "1"]
[SourceVersionDate "2023.05.31"]
[SourceQuality "1"]
[WhiteTeam "Badalona Cor de Marina"]
[BlackTeam "Valls"]
[WhiteTeamCountry "ESP"]
[BlackTeamCountry "ESP"]

1. d4 d5 2. c4 dxc4 3. Nf3 Nf6 4. e3 e6 5. Bxc4 a6 6. 0-0 b5 7. Be2 Bb7 8. b3 Nbd7 9. Bb2 Be7 10. Nbd2 0-0 11. a4 b4 12. Nc4 c5 13. Nfe5 cxd4 14. Nxd7 Nxd7 15. Bxd4 Bd5 16. Rc1 Bf6 17. Qd2 a5 18. Rfd1 Qe7 19. Bxf6 Qxf6 20. e4 Bxc4 21. Rxc4 Ne5 22. Rc5 Ng6 23. g3 Rad8 24. Qc2 Rxd1+ 25. Qxd1 Rd8 26. Qc2 Qa1+ 27. Kg2 Qe1 28. Rxa5 h6 29. Qc7 Rd2 30. Ra7 Nh8 31. Qf4 Qxe2 32. Ra8+ Kh7 33. Rb8 Rd1 34. Rxb4 Qf1+ 35. Kf3 Rd3+ 36. Kg4 Ng6 37. Qc7 h5+ 38. Kxh5 Qh3+ 39. Kg5 f6# 0-1

[Event "Menorca op 1st"]
[Site "Ciutadella de Menorca"]
[Date "2022.04.24"]
[Round "7"]
[White "Santos Ruiz, Miguel"]
[Black "Iermito, Sebastian"]
[Result "1/2-1/2"]
[WhiteElo "2597"]
[BlackElo "2525"]
[PlyCount "29"]
[EventDate "2022.04.20"]
[EventType "swiss"]
[EventRounds "7"]
[EventCountry "ESP"]
[SourceTitle "CBM 207 Extra"]
[Source "ChessBase"]
[SourceDate "2022.05.31"]
[SourceVersion "1"]
[SourceVersionDate "2022.05.31"]
[SourceQuality "1"]

1. e4 c5 2. Nf3 e6 3. d4 cxd4 4. Nxd4 a6 5. c4 Nf6 6. Nc3 Bb4 7. Qd3 0-0 8. e5 Ne8 9. a3 Bxc3+ 10. Qxc3 d6 11. exd6 Nxd6 12. Be2 e5 13. Nf3 Nc6 14. 0-0 Bg4 15. Re1 1/2-1/2

[Event "Menorca op 1st"]
[Site "Ciutadella de Menorca"]
[Date "2022.04.22"]
[Round "4"]
[White "Iermito, Sebastian"]
[Black "Kosakowski, Jakub"]
[Result "1/2-1/2"]
[WhiteElo "2525"]
[BlackElo "2452"]
[PlyCount "62"]
[EventDate "2022.04.20"]
[EventType "swiss"]
[EventRounds "7"]
[EventCountry "ESP"]
[SourceTitle "CBM 207 Extra"]
[Source "ChessBase"]
[SourceDate "2022.05.31"]
[SourceVersion "1"]
[SourceVersionDate "2022.05.31"]
[SourceQuality "1"]

1. e4 c5 2. Nc3 a6 3. g3 b5 4. Bg2 Bb7 5. Nge2 e6 6. d4 b4 7. Na4 cxd4 8. Nxd4 Nf6 9. 0-0 d5 10. exd5 Bxd5 11. Bxd5 Nxd5 12. c4 bxc3 13. bxc3 Be7 14. c4 Nf6 15. Qf3 Ra7 16. Be3 Rd7 17. Nc6 Nxc6 18. Qxc6 0-0 19. Qxa6 Ng4 20. Bb6 Qa8 21. Qxa8 Rxa8 22. Nc3 Ne5 23. c5 Rd3 24. Nb5 Nd7 25. Rfc1 Rb8 26. Na7 Bf8 27. Nc6 Rc8 28. Na7 Rb8 29. Nc6 Rc8 30. Na5 Ra3 31. Nc4 Ra6 1/2-1/2